Problemas de Hidráulica aplicada / (Record no. 148453)

MARC details
000 -LEADER
campo de control de longitud fija 00635nam a2200181 4500
001 - NÚMERO DE CONTROL
campo de control 148453
003 - IDENTIFICADOR DE NÚMERO DE CONTROL
campo de control ES-MaACL
005 - FECHA Y HORA DE LA ÚLTIMA TRANSACCIÓN
campo de control 20230906202637.0
007 - CAMPO FIJO DE DESCRIPCIÓN FÍSICA--INFORMACIÓN GENERAL
campo de control de longitud fija t|
008 - DATOS DE LONGITUD FIJA--INFORMACIÓN GENERAL
campo de control de longitud fija 070214s1943 sp r ||||1| spa d
100 1# - ENTRADA PRINCIPAL--NOMBRE DE PERSONA
Nombre de persona Streck, Otto.
9 (RLIN) 108413
245 10 - MENCIÓN DEL TÍTULO
Título Problemas de Hidráulica aplicada /
Mención de responsabilidad, etc. por el Dr. Ing. Otto Streck ; traducción de la segunda edición alemana por Julio Martínez Borso.
250 ## - MENCION DE EDICION
Mención de edición [1ª ed., reimp.].
260 ## - PUBLICACIÓN, DISTRIBUCIÓN, ETC.
Lugar de publicación, distribución, etc. Barcelona :
Nombre del editor, distribuidor, etc. Labor,
Fecha de publicación, distribución, etc. 1943 (
Fabricante Tall. Gráf. Ibero-Americanos)
300 ## - DESCRIPCIÓN FÍSICA
Extensión XV, 368 p. :
Otras características físicas il. ;
Dimensiones 22 cm.
700 1# - ENTRADA AGREGADA--NOMBRE PERSONAL
Nombre de persona Martínez Borso, Julio.
9 (RLIN) 77896
852 ## - LOCALIZACIÓN
Ubicación ES-MaACL
Número de control de estantería C-4229
Sublocalización o colección R.23953
Holdings
Estatus retirado Estado de pérdida Estado de daño No para préstamo Biblioteca de origen Biblioteca actual Ubicación en estantería Fecha de adquisición Fuente de adquisición Total de préstamos Signatura topográfica completa Código de barras Visto por última vez Precio de reemplazo Tipo de ítem Koha
        Biblioteca del Ateneo de Madrid Biblioteca del Ateneo de Madrid Sala Palomar 17/01/2008     C-4229 1154925 23/02/2023 23/02/2023 Libro impreso